书目信息 |
| 题名: |
政治经济学学习纲要
|
|
| 作者: | 何伟 主编 | |
| 分册: | ||
| 出版信息: | 北京 经济科学出版社 1987 |
|
| 页数: | 405页 | |
| 开本: | 19cm | |
| 丛书名: | ||
| 单 册: | ||
| 中图分类: | F0 | |
| 科图分类: | ||
| 主题词: | 政治经济学 | |
| 电子资源: | ||
| ISBN: | 7-5058-0050-7 | |
| 000 | 00735nam0 2200241 45 | |
| 001 | 0187001067 | |
| 005 | 20050331164053.5 | |
| 010 | @a7-5058-0050-7@dCNY2.50 | |
| 100 | @a19900808d1987 em y0chiy0121 ea | |
| 101 | 0 | @achi |
| 102 | @aCN@b110000 | |
| 105 | @ay z 000yy | |
| 200 | 10 | @a政治经济学学习纲要@Azheng zhi jing ji xue xue xi gang yao@e社会主义部分@EShe Hui Zhu Yi Bu Fen@f何伟主编@FHe Wei Zhu Bian |
| 210 | @a北京@c经济科学出版社@d1987 | |
| 215 | @a405页@d19cm | |
| 300 | @a北京广播电视大学辅导教材 | |
| 517 | @a社会主义部分@AShe Hui Zhu Yi Bu Fen | |
| 606 | 0 | @a政治经济学 |
| 690 | @aF0@v3 | |
| 701 | 0 | @a何伟@4主编 |
| 801 | 0 | @aCN@b深圳图书馆@c20050331 |
| 801 | 2 | @aCN@bNLC@c20050331 |
| 905 | @f1@b202043@dF0@e104 | |
| 政治经济学学习纲要:社会主义部分/何伟主编.-北京:经济科学出版社,1987 |
| 405页;19cm |
| 北京广播电视大学辅导教材 |
| ISBN 7-5058-0050-7:CNY2.50 |
| ● |
| 相关链接 |
|
|
|
|
正题名:政治经济学学习纲要
索取号:F0/104
 
预约/预借
| 序号 | 登录号 | 条形码 | 馆藏地/架位号 | 状态 | 备注 |
| 1 | 0202043 | 002006910 | 第一借阅区/ [索取号:F0/104] | 在馆 | |
| 2 | 0202044 | 002060780 | 第一样本阅览室/ [索取号:F0/104] | 在馆 |